| Поле | Инд. | ПП | Название | Значение |
|---|---|---|---|---|
| Тип записи | a | |||
| Библиографический уровень | m | |||
| 001 | Контрольный номер | 090b771591e9456f93bdae850cdbdcba | ||
| 005 | Дата корректировки | 20250627145704.8 | ||
| 008 | Кодируемые данные | 20201023 | ||
| 022 | 0_ | a | ISSN | 0321-1878 |
| 084 | a | Индекс другой классификации/Индекс ББК | 84(2=411.2)53; 84(2=411.2)6; 84(4Гем)6; 63.3(2)6; 83.3(2=411)6; 87.3(2)6 | |
| 090 | a | Полочн. индекс | 95.2 | |
| 099 | a | Индекс | 42215 | |
| 245 | 10 | a | Заглавие | Звезда |
| n | Номер части/ раздела | №9/2020 | ||
| b | Продолж. заглавия | ежемесячный литературно-художественный и общественно-политический независимый журнал | ||
| c | Ответственность | учредитель: ООО "Журнал "Звезда"; ген. директор Я. А. Гордин | ||
| h | Физич. носитель | Текст | ||
| 260 | c | Дата издания | 2020 | |
| b | Издательство | Звезда | ||
| a | Место издания | Санкт-Петербург | ||
| 300 | a | Объем | 288 с. | |
| 500 | a | Примечание | Журнал | |
| 505 | 0_ | a | Форматированное содержание | Стихи |
| b | Автор | Анненский И. Ф. | ||
| 505 | 0_ | a | Форматированное содержание | Стихи |
| b | Автор | Елагина Е. В. | ||
| 505 | 0_ | a | Форматированное содержание | Лестницы |
| b | Автор | Перц В. Г. | ||
| n | Доп. информация | Маленькая повесть | ||
| 505 | 0_ | a | Форматированное содержание | Стихи |
| b | Автор | Ненашев Р. Н. | ||
| 505 | 0_ | a | Форматированное содержание | Записки переводчика |
| b | Автор | Палажченко П. Р. | ||
| n | Доп. информация | Главы из книги | ||
| 505 | 0_ | a | Форматированное содержание | Стихи |
| b | Автор | Шакарян К. А. | ||
| 505 | 0_ | a | Форматированное содержание | Маленький Кваст |
| b | Автор | Стахов Х. Г. | ||
| n | Доп. информация | История немецкого солдата под Ленинградом | ||
| n | Доп. информация | Окончание. Начало в № 8/2020 | ||
| 505 | 0_ | a | Форматированное содержание | Ставка Верховного главнокомандующего в 1914-1916 годах: к истории взаимоотношения императора Николая II и русского генералитета |
| b | Автор | Александров К. М. | ||
| n | Доп. информация | Отрывок из монографии "русский генералитет и крушение конституционно-монархического строя 2-3 марта 1917 года" | ||
| n | Доп. информация | Окончание. Начало в № 7,8/2020 | ||
| 505 | 0_ | a | Форматированное содержание | От Ленинграда до Берлина |
| b | Автор | Будникова В. А. | ||
| 505 | 0_ | a | Форматированное содержание | "Поэт Сентябрь", или Подступы к Венедикту Марту |
| b | Автор | Устинов А. Б. | ||
| 505 | 0_ | a | Форматированное содержание | "Все живое - современно" |
| b | Автор | Султанов К. | ||
| n | Доп. информация | Андрей Битов и "национальный вопрос" | ||
| 505 | 0_ | a | Форматированное содержание | Бахтин и Бердяев о Достоевском |
| b | Автор | Бонецкая Н. | ||
| 505 | 0_ | a | Форматированное содержание | Больше чем мастер |
| b | Автор | Жолковский А. | ||
| b | Автор | Панова Л. Г. | ||
| n | Доп. информация | Поэтика и прагматика антисталинской эпиграммы Мандельштама | ||
| 505 | 0_ | a | Форматированное содержание | Очаровательный странник |
| b | Автор | Мелихов А. | ||
| 600 | 14 | a | Персоналии | Николай II (рос. император) |
| a | Персоналии | Вагинов Константин Константинович | ||
| a | Персоналии | Битов Андрей Георгиевич | ||
| a | Персоналии | Бердяев Николай Александрович | ||
| a | Персоналии | Бахтин Михаил Михайлович | ||
| a | Персоналии | Достоевский Федор Михайлович | ||
| a | Персоналии | Мандельштам Осип Эмильевич | ||
| a | Персоналии | Сталин Иосиф Виссарионович | ||
| a | Персоналии | Довлатов Сергей Донатович | ||
| a | Персоналии | Ефимов Игорь Маркович | ||
| 650 | 04 | a | Основная рубрика | художественная литература; литературоведение |
| 653 | 0_ | a | Ключевые слова | "Козлиная песнь" |
| a | Ключевые слова | "Уроки Армении" | ||
| a | Ключевые слова | XIX век | ||
| a | Ключевые слова | XX век | ||
| a | Ключевые слова | архивные документы | ||
| a | Ключевые слова | блокада Ленинграда | ||
| a | Ключевые слова | Великая Отечественная война 1941-1945 | ||
| a | Ключевые слова | воспоминания | ||
| a | Ключевые слова | генералитет | ||
| a | Ключевые слова | интертекст | ||
| a | Ключевые слова | история | ||
| a | Ключевые слова | композиция | ||
| a | Ключевые слова | Ленинград | ||
| a | Ключевые слова | лирический сюжет | ||
| a | Ключевые слова | литературная критика | ||
| a | Ключевые слова | метатекстуальность | ||
| a | Ключевые слова | немецкая литература | ||
| a | Ключевые слова | поэтика | ||
| a | Ключевые слова | прагматика | ||
| a | Ключевые слова | Русская императорская армия | ||
| a | Ключевые слова | русская литература | ||
| a | Ключевые слова | русская поэзия | ||
| a | Ключевые слова | философия | ||
| a | Ключевые слова | фразеология | ||
| a | Ключевые слова | экзистенциализм | ||
| a | Ключевые слова | эпиграммы | ||
| a | Ключевые слова | эссеистика | ||
| 655 | a | Жанр/ форма (устаревшее) | стихотворение | |
| a | Жанр/ форма (устаревшее) | проза | ||
| a | Жанр/ форма (устаревшее) | эссе | ||
| a | Жанр/ форма (устаревшее) | мемуары (воспоминания) | ||
| a | Жанр/ форма (устаревшее) | повесть | ||
| 700 | 12 | a | Автор | Анненский И. Ф. |
| q | Полное имя | Анненский Иннокентий Федорович | ||
| 700 | 12 | a | Автор | Елагина Е. В. |
| q | Полное имя | Елагина Елена Васильевна | ||
| 700 | 12 | a | Автор | Перц В. Г. |
| q | Полное имя | Перц Владимир Генрихович | ||
| 700 | 12 | a | Автор | Ненашев Р. Н. |
| q | Полное имя | Ненашев Роман Николаевич | ||
| 700 | 12 | a | Автор | Палажченко П. Р. |
| q | Полное имя | Палажченко Павел Русланович | ||
| 700 | 12 | a | Автор | Шакарян К. А. |
| q | Полное имя | Шакарян Константин Ашотович | ||
| 700 | 12 | a | Автор | Стахов Х. Г. |
| q | Полное имя | Стахов Хассо Г. | ||
| 700 | 12 | a | Автор | Лебедев Ю. |
| e | Роль лиц | переводчик | ||
| q | Полное имя | Лебедев Юрий | ||
| 700 | 12 | a | Автор | Александров К. М. |
| q | Полное имя | Александров Кирилл Михайлович | ||
| 700 | 12 | a | Автор | Будникова В. А. |
| q | Полное имя | Будникова Вера Александровна | ||
| 700 | 12 | a | Автор | Александров Е. А. |
| q | Полное имя | Александров Евгений Александрович | ||
| e | Роль лиц | автор предисловия | ||
| 700 | 12 | a | Автор | Устинов А. Б. |
| q | Полное имя | Устинов Андрей Борисович | ||
| 700 | 12 | a | Автор | Султанов К. |
| q | Полное имя | Султанов Казбек | ||
| 700 | 12 | a | Автор | Бонецкая Н. |
| q | Полное имя | Бонецкая Наталья | ||
| 700 | 12 | a | Автор | Жолковский А. |
| q | Полное имя | Жолковский Александр | ||
| 700 | 12 | a | Автор | Панова Л. Г. |
| q | Полное имя | Панова Людмила Геннадьевна | ||
| 700 | 12 | a | Автор | Мелихов А. |
| q | Полное имя | Мелихов Александр | ||
| 773 | 18 | w | Контрольный № источника | RU/IS/BASE/408119542 |
| 901 | t | Тип документа | s | |
| 952 | a | Тип литературы для КСУ ВШ | ЛХЖ | |
| 991 | s | 6 |